Losonczy Géza
Elmentve itt :
| Dokumentumtípus: | Cikk |
|---|---|
| Megjelent: |
1983
|
| Sorozat: | Beszélő : politikai és kulturális folyóirat
8 |
| Kulcsszavak: | Losonczy Géza, Történelemtudomány, Politikatörténet |
| Online Access: | http://misc.bibl.u-szeged.hu/2209 |
| LEADER | 00568nab a2200169 i 4500 | ||
|---|---|---|---|
| 001 | misc2209 | ||
| 005 | 20191106141444.0 | ||
| 008 | 170607s1983 hu o 0|| hun d | ||
| 022 | |a 0865-4093 | ||
| 040 | |a SZTE Miscellanea Repozitórium |b hun | ||
| 041 | |a hun | ||
| 245 | 0 | 0 | |a Losonczy Géza |h [elektronikus dokumentum] |
| 260 | |c 1983 | ||
| 300 | |a 17-18 | ||
| 490 | 0 | |a Beszélő : politikai és kulturális folyóirat |v 8 | |
| 695 | |a Losonczy Géza, Történelemtudomány, Politikatörténet | ||
| 856 | 4 | 0 | |u http://misc.bibl.u-szeged.hu/2209/1/beszelo_008_017-018.pdf |z Dokumentum-elérés |